American headway Student book Vol.3B

Сохранить в:
Библиографические подробности
Главный автор: Soars, Liz
Другие авторы: Soars, John
Формат:
Опубликовано: Oxford Oxford Univ. Press 2003
Предметы:
Метки: Добавить метку
Нет меток, Требуется 1-ая метка записи!
Thư viện lưu trữ: Trung tâm Học liệu Lê Vũ Hùng, Trường Đại học Đồng Tháp
LEADER 00805pam a22003018a 4500
001 00027757
005 20171026081022.0
008 111219s2003 ||||||Engsd
020 # # |a 0 19 437939 7 
041 0 # |a Eng 
082 1 4 |a 428  |b A104H 
100 1 # |a Soars, Liz 
245 1 0 |c Liz and John Soars  |a American headway  |b Student book  |n Vol.3B 
260 # # |a Oxford  |b Oxford Univ. Press  |c 2003 
300 # # |a 154p.  |b ill.  |c 28cm. 
650 # 4 |a Tiếng Anh  |x Ngứ pháp 
653 # # |a Anh ngữ thực hành 
700 1 # |a Soars, John 
852 # # |b Kho đọc  |j KD.0012219 
852 # # |j KD.0012219 
910 0 # |a Ntuyet  |d 19/12/2011 
980 # # |a Trung tâm Học liệu Lê Vũ Hùng, Trường Đại học Đồng Tháp